00501 2200193 4500001002100000005001500021035002000036245006000056100001500116250001100131300002700142260004400169082001200213084001800225020002200243650002000265990001100285990001100296INLIS00000000000179920241219120645 a0010-12240000521 aAku Bukan Menyerah, Hanya Sedang Berserah /cMuyassaroh0 aMuyassaroh acet. 1 aviii, 196 hlm ;c20 cm aSemarang :bSyalmahat Publishing,c2023 a297.261 a297.261 MUY a a978-623-526-933-7 4aPsikologi Islam a003718 a003717